|
|
|
|
| LEADER |
00000nam a2200000 i 4500 |
| 001 |
ELB225544 |
| 003 |
FINmELB |
| 005 |
20230414121057.0 |
| 006 |
m o u |
| 007 |
cr cn||||||||| |
| 008 |
230427s2021 cl o 000 0 spa d |
| 020 |
|
|
|a 9788418982316
|
| 035 |
|
|
|a (OCoLC)1377205125
|
| 040 |
|
|
|a FINmELB
|b spa
|e rda
|c FINmELB
|
| 050 |
|
4 |
|a PQ7082.D7
|b A283 2021
|
| 080 |
|
|
|a 821.134.2(83)-2
|
| 082 |
0 |
4 |
|a Ch862
|2 21
|
| 100 |
1 |
|
|a Acuña, Daniel,
|d 1993-
|e autor.
|
| 245 |
1 |
0 |
|a Para mañana :
|b trilogía de dramaturgia para el futuro /
|c Daniel Acuña Jara ; prólogo Carla Zúñiga Morales.
|
| 246 |
3 |
0 |
|a Trilogía de dramaturgia para el futuro
|
| 250 |
|
|
|a Primera edición: octubre de 2021.
|
| 264 |
|
1 |
|a Santiago de Chile :
|b RIL editores,
|c 2021.
|
| 300 |
|
|
|a 1 recurso en línea (110 páginas)
|
| 336 |
|
|
|a texto
|b txt
|2 rdacontent/spa
|
| 337 |
|
|
|a computadora
|b c
|2 rdamedia/spa
|
| 338 |
|
|
|a recurso en línea
|b cr
|2 rdacarrier/spa
|
| 505 |
2 |
0 |
|t Súper --
|t RAM --
|t Terrario.
|
| 500 |
|
|
|a Proyecto financiado por el Fondo Nacional de Fomento del Libro y la Lectura, convocatoria 2020, Fondo de Emergencia Transitorio. Ministerio de las Culturas, las Artes y el Patrimonio. Gobierno de Chile -- Cubierta.
|
| 520 |
|
|
|a Recopilación de tres obras dramáticas de ciencia ficción que ya han sido estrenadas de manera profesional: Súper (2019), RAM (2021) y Terrario (2021), reunidas en este libro de contextos distópicos.
|
| 588 |
|
|
|a Descripción basada en metadatos suministrados por el editor y otras fuentes.
|
| 590 |
|
|
|a Recurso electrónico. Santa Fe, Arg.: elibro, 2023. Disponible vía World Wide Web. El acceso puede estar limitado para las bibliotecas afiliadas a elibro.
|
| 650 |
|
4 |
|a Dramas chilenos.
|
| 655 |
|
4 |
|a Libros electrónicos.
|
| 700 |
1 |
|
|a Zúñiga Morales, Carla,
|e prologuísta.
|
| 797 |
2 |
|
|a elibro, Corp.
|
| 856 |
4 |
0 |
|u https://elibro.uam.elogim.com/ereader/bidiuam/225544
|z Texto completo
|